Estatísticas para Os 15 principais países afetados pela Covid-19 - 27 de junho

Clique aqui para jogar o quiz

Estatísticas Gerais

  • Esse quiz foi jogado 5 vezes
  • A pontuação média é 10 de 26

Estatísticas das Respostas

país% Correto
Brasil
100%
Alemanha
80%
Estados Unidos
80%
Índia
60%
Itália
60%
México
60%
Peru
60%
Reino Unido
60%
Rússia
60%
Turquia
60%
Bélgica
40%
Chile
40%
Chile
40%
Espanha
40%
Irão
40%
Arábia Saudita
20%
Bielorrússia
20%
Paquistão
20%
Suécia
20%
Armênia
0%
Bahrein
0%
Catar
0%
Kuweit
0%
Omã
0%
Panamá
0%
Singapura
0%

Distribuição das Pontuações

Percentil de Números Respondidos

Porcentagem de Pessoas com Cada Pontuação

Sua Pontuação Histórica

Você não jogou esse quiz